[Event "East Detroit (MCO/6)"]
[Site "?"]
[Date "1983.??.??"]
[Round "?"]
[White "Carroll, Deuvoy"]
[Black "Brattin, Vincent"]
[Result "1-0"]
[WhiteElo "1975"]
[BlackElo "1750"]
[PlyCount "61"]
[EventDate "1983.??.??"]

1. d4 Nf6 2. Nf3 d5 3. Ne5 e6 4. Nd2 Bd6 5. e3 c6 6. Bd3 Qc7 7. f4 h5 8. c3 b6
9. O-O Nfd7 10. b4 f5 11. Rf3 Nf6 12. Rh3 Rh6 13. a4 g6 14. Ndf3 Nbd7 15. Bd2
Bxe5 16. dxe5 Ne4 17. Nd4 Nb8 18. Rc1 a5 19. Be1 Bd7 20. bxa5 Rxa5 21. c4 Ra8
22. cxd5 exd5 23. Rf3 Nc5 24. Bb4 Nxa4 25. Nb5 Qd8 26. Nd6+ Ke7 27. Nb7+ c5 28.
Nxd8 Kxd8 29. Bc3 c4 30. Bxc4 dxc4 31. e6 1-0

[Event "Ann Arbor (MI Op/5)"]
[Site "?"]
[Date "1983.??.??"]
[Round "?"]
[White "Byer, L.."]
[Black "Thomas, Carlton"]
[Result "1-0"]
[WhiteElo "2150"]
[BlackElo "2010"]
[PlyCount "73"]
[EventDate "1983.??.??"]

1. Nf3 Nf6 2. c4 g6 3. Nc3 Bg7 4. g3 O-O 5. Bg2 d6 6. O-O Nc6 7. Rb1 Bf5 8. d3
Qc8 9. b4 e5 10. e4 Bg4 11. Ne2 Qd7 12. b5 Ne7 13. Be3 h6 14. Qd2 Kh7 15. Rb3
Bh3 16. Qc2 Qg4 17. Nc3 Nh5 18. Ne1 Bxg2 19. Nxg2 Qh3 20. Nd5 Nxd5 21. cxd5 f5
22. Qxc7 f4 23. gxf4 exf4 24. Bd4 f3 25. Ne3 Rf4 26. Bxg7 Nxg7 27. Qxd6 Raf8
28. Kh1 R8f6 29. Qe5 Nh5 30. Rc3 Ng7 31. Rc7 h5 32. Qg5 Rh4 33. Qg3 Rff4 34.
Rfc1 Kh6 35. Re7 g5 36. Rcc7 Rfg4 37. Qd6+ 1-0

[Event "Ann Arbor (MI Op/7)"]
[Site "?"]
[Date "1983.??.??"]
[Round "?"]
[White "Byer, L.."]
[Black "Pence, Mark"]
[Result "0-1"]
[WhiteElo "2150"]
[BlackElo "1995"]
[PlyCount "64"]
[EventDate "1983.??.??"]

1. b3 d5 2. Bb2 c5 3. Nf3 Nc6 4. e3 Nf6 5. Bb5 Bg4 6. h3 Bh5 7. O-O e6 8. d4
Bd6 9. Nbd2 O-O 10. Be2 Qc7 11. c4 Qe7 12. Ne5 Bxe2 13. Qxe2 cxd4 14. exd4 Rac8
15. Nxc6 Rxc6 16. c5 Bb8 17. b4 Re8 18. Rfe1 Rcc8 19. Nf3 Ne4 20. Rac1 h6 21.
Rc2 Qd7 22. b5 e5 23. Nxe5 Bxe5 24. dxe5 Nxc5 25. Rd2 Na4 26. Red1 Nxb2 27.
Rxd5 Qf5 28. Qxb2 Rc2 29. Qd4 Rxa2 30. Rc1 b6 31. Rc7 Re2 32. Qc4 Qxf2+ 0-1

[Event "Ann Arbor (MI Op/3)"]
[Site "?"]
[Date "1983.??.??"]
[Round "?"]
[White "Byer, L.."]
[Black "Murray, David"]
[Result "1/2-1/2"]
[WhiteElo "2150"]
[BlackElo "2040"]
[PlyCount "33"]
[EventDate "1983.??.??"]

1. c4 Nf6 2. Nc3 g6 3. g3 Bg7 4. Bg2 O-O 5. Nf3 d6 6. O-O c6 7. d4 Nbd7 8. Qc2
e5 9. Rd1 Qe7 10. dxe5 dxe5 11. b3 Re8 12. e4 a5 13. a4 Nc5 14. Ba3 Bf8 15.
Rac1 Qc7 16. h3 Qb6 17. Rb1 1/2-1/2

[Event "Ann Arbor (MI Op/1)"]
[Site "?"]
[Date "1983.??.??"]
[Round "?"]
[White "Byer, L.."]
[Black "Bee, A.."]
[Result "1-0"]
[WhiteElo "2150"]
[BlackElo "1945"]
[PlyCount "53"]
[EventDate "1983.??.??"]

1. c4 c5 2. Nf3 Nc6 3. g3 d6 4. Bg2 Bd7 5. O-O Nf6 6. Nc3 e6 7. d4 cxd4 8. Nxd4
Be7 9. e4 O-O 10. b3 a6 11. Be3 Rb8 12. a4 Qc7 13. Rc1 Rbd8 14. Nd5 exd5 15.
cxd5 Rc8 16. dxc6 bxc6 17. e5 dxe5 18. Nxc6 Be6 19. Na7 Qb8 20. Nxc8 Rxc8 21.
Rxc8+ Qxc8 22. Qd3 Bf5 23. Qc4 Qxc4 24. bxc4 Ng4 25. c5 Nxe3 26. fxe3 Bc8 27.
Rb1 1-0

[Event "East Detroit (MCO/6)"]
[Site "?"]
[Date "1983.??.??"]
[Round "?"]
[White "Burwell, Raymond"]
[Black "Stacy, P.."]
[Result "1-0"]
[WhiteElo "1605"]
[BlackElo "1605"]
[PlyCount "43"]
[EventDate "1983.??.??"]

1. c4 Nf6 2. Nc3 e6 3. e3 d5 4. Nf3 c5 5. cxd5 exd5 6. d4 Nc6 7. dxc5 Bxc5 8.
Na4 b6 9. Bb5 Bd7 10. O-O O-O 11. a3 a5 12. Nc3 Qc7 13. Nxd5 Nxd5 14. Qxd5 Rad8
15. Qh5 Qc8 16. Bd3 g6 17. Qh6 Be7 18. Bd2 f6 19. Bc3 Bh3 20. Ng5 Rf7 21. Bc4
fxg5 22. Qg7# 1-0

[Event "East Detroit (MCO/4)"]
[Site "?"]
[Date "1983.??.??"]
[Round "?"]
[White "Burwell, Raymond"]
[Black "Levadi, David"]
[Result "0-1"]
[WhiteElo "1605"]
[BlackElo "1795"]
[PlyCount "58"]
[EventDate "1983.??.??"]

1. Nf3 Nf6 2. Nc3 d5 3. d4 e6 4. e3 c5 5. Bb5+ Bd7 6. O-O a6 7. Bxd7+ Nbxd7 8.
dxc5 Bxc5 9. Ne2 O-O 10. b3 Rc8 11. Bb2 Qc7 12. Rc1 Rfd8 13. Nf4 Ne4 14. Nd4
Qb6 15. Kh1 Bb4 16. Ndxe6 fxe6 17. Bxg7 Kxg7 18. Qg4+ Kh8 19. Nxe6 Rg8 20. Qf5
Nef6 21. c4 dxc4 22. Rfd1 Rce8 23. Ng5 Rg7 24. Rxd7 Rxd7 25. e4 Bd2 26. Rd1
Bxg5 27. Rxd7 Nxd7 28. Qxd7 Qd8 29. Qg4 Rxe4 0-1

[Event "East Detroit (MCO/2)"]
[Site "?"]
[Date "1983.??.??"]
[Round "?"]
[White "Burwell, Raymond"]
[Black "Arganian, David G"]
[Result "0-1"]
[WhiteElo "1605"]
[BlackElo "2140"]
[PlyCount "92"]
[EventDate "1983.??.??"]

1. e4 e6 2. Nf3 d5 3. exd5 exd5 4. d4 Nf6 5. Bg5 Be7 6. Nc3 c6 7. Be2 h6 8. Bd2
Bf5 9. O-O Nbd7 10. Re1 Qc7 11. Bd3 Bg4 12. Be2 Bxf3 13. Bxf3 Nf8 14. Ne2 Ne6
15. g3 O-O-O 16. c3 g5 17. Qc1 Rdg8 18. c4 Rd8 19. b4 dxc4 20. Qxc4 Nd5 21. Nc3
Nb6 22. Qe2 Nxd4 23. Bg4+ f5 24. Bxf5+ Nxf5 25. Qe6+ Qd7 26. Qxd7+ Rxd7 27. Ne4
Rhd8 28. Bc3 Nd4 29. Bxd4 Rxd4 30. b5 Nc4 31. bxc6 bxc6 32. Rac1 Kc7 33. Rb1
R8d7 34. Kg2 Nd2 35. Nxd2 Rxd2 36. a4 Bc5 37. Re8 Rxf2+ 38. Kh3 h5 39. Rbb8 Be7
40. Rec8+ Kd6 41. g4 h4 42. Rb3 Bf6 43. Rd3+ Ke7 44. Re3+ Kf7 45. Rxc6 Rdd2 46.
Rc7+ Kg6 0-1

[Event "East Detroit (MCO/1)"]
[Site "?"]
[Date "1983.??.??"]
[Round "?"]
[White "Brown, E.."]
[Black "Thompson, E.."]
[Result "1/2-1/2"]
[WhiteElo "1605"]
[BlackElo "1835"]
[PlyCount "44"]
[EventDate "1983.??.??"]

1. e4 c5 2. Bc4 e6 3. Nf3 Nc6 4. O-O d6 5. d4 cxd4 6. Nxd4 Nf6 7. Nxc6 bxc6 8.
Bg5 Be7 9. Bd3 d5 10. e5 Nd7 11. Bf4 Bg5 12. Bg3 Qb6 13. b3 Nc5 14. Qg4 f6 15.
Qh5+ Ke7 16. Bh4 Nxd3 17. cxd3 Qd4 18. Bxg5 Qxa1 19. exf6+ gxf6 20. Bd2 Qe5 21.
Bb4+ Kd8 22. Ba5+ Ke7 1/2-1/2

[Event "East Detroit (MCO/3)"]
[Site "?"]
[Date "1983.??.??"]
[Round "?"]
[White "Brown, E.."]
[Black "Cevallos, G.."]
[Result "1/2-1/2"]
[WhiteElo "1605"]
[BlackElo "1625"]
[PlyCount "127"]
[EventDate "1983.??.??"]

1. e4 e6 2. d4 d5 3. e5 c5 4. c3 Nc6 5. Nf3 Be7 6. g3 cxd4 7. cxd4 f6 8. Bf4
fxe5 9. Bxe5 Nxe5 10. Nxe5 Nf6 11. Nc3 Bd6 12. Bg2 O-O 13. O-O Qb6 14. b3 Qd8
15. Bf3 Nd7 16. Na4 Qa5 17. Ng4 Nf6 18. Qe2 Bd7 19. Rac1 Rae8 20. Ne5 Bxa4 21.
bxa4 Qxa4 22. Rfd1 Re7 23. g4 Nd7 24. Nxd7 Qxd7 25. Rf1 Ref7 26. Bg2 Rf4 27.
Rcd1 Qf7 28. Bh3 Re4 29. Qd3 Qc7 30. f3 Ref4 31. Qe2 Qf7 32. g5 Re8 33. Rde1 e5
34. dxe5 Rxe5 35. Qg2 Rxf3 36. Rxe5 Rxf1+ 37. Qxf1 Bxe5 38. Qf5 Bd4+ 39. Kh1
Qxf5 40. Bxf5 Be3 41. Be6+ Kf8 42. h4 d4 43. Kg2 Ke7 44. Bd5 b5 45. Kf3 Kd6 46.
Ke4 a5 47. Bg8 h6 48. Kf5 hxg5 49. h5 d3 50. Bb3 d2 51. Ke4 Bf4 52. Kf5 Be5 53.
Kxg5 Bc3 54. Kf5 Kc5 55. Ke4 a4 56. Bc2 Kb4 57. Ke3 Bf6 58. Kxd2 Ka3 59. Bd3
Kb4 60. Kc2 Kc5 61. Be2 b4 62. Bd1 b3+ 63. axb3 a3 64. Kb1 1/2-1/2

[Event "Ann Arbor (MI Op/6)"]
[Site "?"]
[Date "1983.??.??"]
[Round "?"]
[White "Brooks, John"]
[Black "Thompson, Dexter"]
[Result "0-1"]
[WhiteElo "2135"]
[BlackElo "2015"]
[PlyCount "62"]
[EventDate "1983.??.??"]

1. Nf3 d5 2. g3 Nf6 3. Bg2 c5 4. O-O Nc6 5. d4 cxd4 6. Nxd4 Qb6 7. Nxc6 bxc6 8.
c4 e6 9. Nc3 Qb4 10. cxd5 cxd5 11. Bd2 Qb7 12. e4 Be7 13. exd5 exd5 14. Bg5
Qxb2 15. Nxd5 Rb8 16. Re1 Nxd5 17. Qxd5 Be6 18. Qc6+ Kf8 19. Bxe7+ Kxe7 20.
Qc5+ Kf6 21. Qxa7 Rhd8 22. a4 g6 23. a5 Rd2 24. Qe3 Rb3 25. Qf4+ Kg7 26. a6 Rb4
27. Qe3 Rb3 28. Qe5+ Qxe5 29. Rxe5 Ra3 30. Rxa3 Rd1+ 31. Bf1 Bh3 0-1

[Event "East Detroit (MCO/2)"]
[Site "?"]
[Date "1983.??.??"]
[Round "?"]
[White "Brooks, John"]
[Black "Richard, O.."]
[Result "1-0"]
[WhiteElo "2150"]
[BlackElo "1605"]
[PlyCount "69"]
[EventDate "1983.??.??"]

1. e4 e5 2. Nf3 Nf6 3. Nxe5 d6 4. Nc4 Nxe4 5. Qe2 Qe7 6. Ne3 Nf6 7. Nc3 c6 8.
g3 Na6 9. Bg2 Nc7 10. O-O g6 11. Re1 Be6 12. d4 d5 13. a4 a5 14. b3 Bg7 15. Qd3
O-O 16. Ba3 Qd7 17. Bxf8 Rxf8 18. Ne2 Re8 19. c4 Bh3 20. Rad1 Bxg2 21. Nxg2 g5
22. Ne3 Ne4 23. f3 Nf6 24. Nf5 Nh5 25. g4 Nf6 26. Nxg7 Kxg7 27. Ng3 Ne6 28. Qf5
Qd8 29. Qe5 Kg6 30. h4 h5 31. Qf5+ Kh6 32. Rxe6 fxe6 33. hxg5+ Kg7 34. gxf6+
Qxf6 35. Nxh5+ 1-0

[Event "Southfield (MEX/2)"]
[Site "?"]
[Date "1983.??.??"]
[Round "?"]
[White "Brooks, John"]
[Black "Murray, David"]
[Result "1/2-1/2"]
[WhiteElo "2185"]
[BlackElo "2085"]
[PlyCount "26"]
[EventDate "1983.??.??"]

1. d4 d5 2. c3 c6 3. Nf3 Nf6 4. Bf4 Bf5 5. e3 e6 6. Nbd2 Nbd7 7. a4 a5 8. g3 g6
9. Bg2 Bg7 10. O-O O-O 11. Re1 Re8 12. Qe2 Qe7 13. Rab1 Rac8 1/2-1/2

[Event "Ann Arbor (MI Op/2)"]
[Site "?"]
[Date "1983.??.??"]
[Round "?"]
[White "Brooks, John"]
[Black "Kraft, C.."]
[Result "0-1"]
[WhiteElo "2135"]
[BlackElo "1965"]
[PlyCount "116"]
[EventDate "1983.??.??"]

1. Nf3 Nf6 2. c4 g6 3. Nc3 Bg7 4. e4 d6 5. d4 O-O 6. Be2 e5 7. O-O Nbd7 8. h3
c6 9. Be3 Ne8 10. Qc2 Qe7 11. Rfe1 f5 12. Bg5 Qf7 13. dxe5 dxe5 14. Nd2 h6 15.
Bd8 Ndf6 16. Bxf6 Nxf6 17. c5 Be6 18. b3 f4 19. Nc4 Ne8 20. Nd2 g5 21. Bc4 Nc7
22. Bxe6 Nxe6 23. Ne2 h5 24. Nf3 g4 25. hxg4 hxg4 26. Nh4 f3 27. Ng3 Nd4 28.
Qd2 fxg2 29. Kxg2 Nf3 30. Nxf3 gxf3+ 31. Kh2 Qg6 32. Rh1 Bh6 33. Qd6 Rf6 34.
Qxe5 Bf4 35. Qd4 Bxg3+ 36. fxg3 Qh5+ 37. Kg1 f2+ 38. Qxf2 Qxh1+ 39. Kxh1 Rxf2
40. Kg1 Re2 41. Rd1 Rxe4 42. Rd7 b6 43. Rc7 Re6 44. b4 bxc5 45. bxc5 a5 46. Kg2
a4 47. a3 Ra5 48. Kf3 Rxc5 49. Kf4 Rd6 50. g4 Rd4+ 51. Kf3 Rd3+ 52. Kf4 Rxa3
53. g5 Ra1 54. Ra7 a3 55. Kg4 a2 56. Kh5 Rh1+ 57. Kg6 Rxg5+ 58. Kxg5 a1=Q 0-1

[Event "Southfield (MEX/4)"]
[Site "?"]
[Date "1983.??.??"]
[Round "?"]
[White "Brooks, John"]
[Black "Koster, Ed"]
[Result "0-1"]
[WhiteElo "2185"]
[BlackElo "2035"]
[PlyCount "76"]
[EventDate "1983.??.??"]

1. Nf3 d5 2. d4 Nf6 3. c4 dxc4 4. Nc3 a6 5. e4 b5 6. Bg5 h6 7. Bxf6 exf6 8. a4
b4 9. Na2 Bg4 10. Bxc4 Bd6 11. Qb3 Qe7 12. O-O O-O 13. e5 fxe5 14. dxe5 Bc5 15.
Rae1 Nc6 16. Bd5 Na5 17. Qc2 Rad8 18. Qe4 Be6 19. Bxe6 fxe6 20. Rd1 Rxd1 21.
Rxd1 Rd8 22. Rd3 Qe8 23. Nxb4 Bxb4 24. Rxd8 Qxd8 25. Qxb4 Qd1+ 26. Ne1 Nc6 27.
Qe4 Nd4 28. a5 Qd2 29. Kf1 c6 30. Qd3 Qxb2 31. Qxa6 c5 32. Qc4 Kf7 33. a6 Qa3
34. g3 g5 35. h3 h5 36. Kg2 Kg7 37. Nd3 Kf7 38. Qb5 Nxb5 0-1

[Event "East Detroit (MCO/6)"]
[Site "?"]
[Date "1983.??.??"]
[Round "?"]
[White "Brooks, John"]
[Black "Knecht, Mark"]
[Result "1-0"]
[WhiteElo "2150"]
[BlackElo "2090"]
[PlyCount "65"]
[EventDate "1983.??.??"]

1. d4 f5 2. e4 fxe4 3. Nc3 Nf6 4. Bg5 c6 5. Bxf6 exf6 6. Nxe4 Qb6 7. Rb1 Qa5+
8. c3 Qxa2 9. Bd3 Qe6 10. Ne2 d5 11. N4g3 g6 12. h4 Bg7 13. h5 f5 14. Qd2 Qe7
15. Kf1 Kd8 16. hxg6 hxg6 17. Rxh8+ Bxh8 18. Re1 Qf6 19. Qh6 Bg7 20. Qh7 Be6
21. Nf4 Bf7 22. Bxf5 gxf5 23. Nfh5 Qg6 24. Qxg6 Bxg6 25. Nxg7 Nd7 26. N3xf5 Kc7
27. Re7 Rh8 28. Kg1 Rh7 29. Ne6+ Kb6 30. Nfg7 Nf6 31. Nc5 Kb5 32. Rxb7+ Kc4 33.
Rb4# 1-0

[Event "Ann Arbor (MI Op/4)"]
[Site "?"]
[Date "1983.??.??"]
[Round "?"]
[White "Brooks, John"]
[Black "Gordon, S.."]
[Result "1-0"]
[WhiteElo "2135"]
[BlackElo "1895"]
[PlyCount "81"]
[EventDate "1983.??.??"]

1. Nf3 d5 2. d4 Nf6 3. c4 c6 4. Nc3 g6 5. Bf4 Bg7 6. e3 O-O 7. Bd3 Qa5 8. O-O
dxc4 9. Bxc4 Bg4 10. h3 Bxf3 11. Qxf3 Nbd7 12. Rab1 Qb4 13. Be2 Nh5 14. Bg5 e5
15. a3 Qa5 16. Be7 Rfe8 17. Bb4 Qc7 18. Bc4 Nb6 19. Ba2 exd4 20. Ne4 Nd5 21.
Nd6 Red8 22. Nb5 Qd7 23. Nxd4 Nxb4 24. axb4 Nf6 25. Rfc1 Nd5 26. Rd1 Qe8 27. b5
Nf6 28. bxc6 bxc6 29. Nxc6 Rxd1+ 30. Rxd1 Qe4 31. Bd5 Qxf3 32. Bxf3 Kf8 33. b4
a6 34. Rd2 Ne8 35. Rd7 Nf6 36. Rb7 Ne8 37. Bd5 Nd6 38. Rd7 Nf5 39. Rxf7+ Ke8
40. g4 Nxe3 41. fxe3 1-0

[Event "East Detroit (MCO/4)"]
[Site "?"]
[Date "1983.??.??"]
[Round "?"]
[White "Brooks, John"]
[Black "Bautista, L.."]
[Result "1-0"]
[WhiteElo "2150"]
[BlackElo "1830"]
[PlyCount "75"]
[EventDate "1983.??.??"]

1. e4 c5 2. Nf3 e6 3. d4 cxd4 4. Nxd4 a6 5. Be2 Nf6 6. Bf3 Qc7 7. O-O Nc6 8.
Bg5 Qe5 9. Bxf6 gxf6 10. Nxc6 bxc6 11. c3 h5 12. Nd2 h4 13. Nc4 Qg5 14. Nd6+
Ke7 15. Qd3 Qc5 16. Rfd1 Bh6 17. Nxc8+ Rhxc8 18. Qxd7+ Kf8 19. b4 Qe5 20. g3
hxg3 21. hxg3 Rc7 22. Qd6+ Qxd6 23. Rxd6 Rac8 24. a4 Ke8 25. Bh5 Ke7 26. Rad1
Bf8 27. a5 Rb8 28. Kg2 Ra8 29. f4 Bg7 30. f5 e5 31. Be2 Bh6 32. Kf3 Bg5 33. Bc4
Ke8 34. Rh1 Ke7 35. Rd3 Rd7 36. Rxd7+ Kxd7 37. Rh7 Ke7 38. Rxf7+ 1-0

[Event "East Detroit (MCO/1)"]
[Site "?"]
[Date "1983.??.??"]
[Round "?"]
[White "Brattin, Vincent"]
[Black "Roberts, Kenneth"]
[Result "1-0"]
[WhiteElo "1750"]
[BlackElo "1605"]
[PlyCount "43"]
[EventDate "1983.??.??"]

1. e4 c6 2. d4 d5 3. Nc3 dxe4 4. Nxe4 Bf5 5. Ng3 Bxc2 6. Qxc2 Qxd4 7. Nf3 Qd8
8. Bc4 Nf6 9. O-O e6 10. Bg5 Be7 11. Qb3 b6 12. Rfe1 Nd5 13. Bxd5 cxd5 14. Bxe7
Qxe7 15. Rad1 Nc6 16. Rxd5 Rd8 17. Rxd8+ Nxd8 18. Nf5 Qf6 19. Qb5+ Kf8 20. Qd7
g6 21. Nd6 Kg7 22. Ne8+ 1-0

[Event "East Detroit (MCO/5)"]
[Site "?"]
[Date "1983.??.??"]
[Round "?"]
[White "Brattin, Vincent"]
[Black "Nowicki, B.."]
[Result "1-0"]
[WhiteElo "1750"]
[BlackElo "1605"]
[PlyCount "123"]
[EventDate "1983.??.??"]

1. e4 e5 2. Bc4 Nf6 3. Nc3 c6 4. d4 Bb4 5. a3 Bxc3+ 6. bxc3 Nxe4 7. dxe5 O-O 8.
Qd3 d5 9. Bb3 g6 10. Ne2 Bf5 11. Qe3 Qb6 12. Nd4 Be6 13. h4 c5 14. Nxe6 fxe6
15. f3 Ng3 16. Rh3 Nf5 17. Qe2 c4 18. Ba2 Nc6 19. Rb1 Qg1+ 20. Qf1 Qxf1+ 21.
Kxf1 b6 22. f4 Nfe7 23. Be3 Nxe5 24. Ke2 N5c6 25. h5 Nf5 26. hxg6 hxg6 27. Rbh1
Nce7 28. Bd4 Nxd4+ 29. cxd4 Nf5 30. c3 Kf7 31. g4 Nd6 32. Rh7+ Kf6 33. Bb1 Ne4
34. Bxe4 dxe4 35. Ke3 Rf7 36. g5+ Ke7 37. Kxe4 Raf8 38. Ke5 a5 39. Rxf7+ Rxf7
40. Rb1 Rf5+ 41. Ke4 b5 42. a4 bxa4 43. Ra1 Rb5 44. Rxa4 Kd6 45. Rxc4 Kd7 46.
Ra4 Kc6 47. c4 Rf5 48. Ra1 Kb6 49. Rb1+ Ka6 50. c5 a4 51. Rb6+ Ka5 52. Rb8 a3
53. c6 Rf7 54. Rb7 Rf8 55. c7 Rc8 56. Ra7+ Kb4 57. Ke5 Kb3 58. Kxe6 Kb2 59. Kd7
Rf8 60. c8=Q Rf7+ 61. Kc6 Rxa7 62. Qb8+ 1-0

[Event "East Detroit (MCO/2)"]
[Site "?"]
[Date "1983.??.??"]
[Round "?"]
[White "Brattin, Vincent"]
[Black "Knecht, Mark"]
[Result "0-1"]
[WhiteElo "1750"]
[BlackElo "2090"]
[PlyCount "54"]
[EventDate "1983.??.??"]

1. e4 e5 2. Bc4 Nf6 3. Nc3 Nc6 4. d3 Bc5 5. Be3 Bb6 6. Nge2 d6 7. h3 Na5 8. Bb3
Nxb3 9. axb3 Bxe3 10. fxe3 d5 11. Nxd5 Nxd5 12. exd5 Qxd5 13. e4 Qc5 14. Qd2 b6
15. c4 O-O 16. g4 Bb7 17. Ng3 a5 18. Nf5 f6 19. Ke2 Rad8 20. Qe1 g6 21. Nh6+
Kg7 22. Qh4 Qd4 23. Nf5+ gxf5 24. g5 Qxd3+ 25. Kf2 Qd2+ 26. Kg1 Qe3+ 27. Kf1
Qf4+ 0-1

[Event "East Detroit (MCO/2)"]
[Site "?"]
[Date "1983.??.??"]
[Round "?"]
[White "Brattin, Brian"]
[Black "Watson, Terry"]
[Result "1/2-1/2"]
[WhiteElo "1605"]
[BlackElo "1665"]
[PlyCount "51"]
[EventDate "1983.??.??"]

1. b3 e5 2. Bb2 Nc6 3. e3 d5 4. Nf3 Bd6 5. c4 Nf6 6. Nc3 e4 7. cxd5 Nb4 8. Ng5
Be5 9. Qb1 Bf5 10. a3 Nbxd5 11. Nxd5 Bxb2 12. Qxb2 Qxd5 13. Bc4 Qd7 14. Nxf7 b5
15. Qe5+ Kf8 16. Nxh8 bxc4 17. Qc5+ Kg8 18. Qxc4+ Be6 19. Qc2 Kxh8 20. O-O Qf7
21. b4 Rc8 22. f3 Bc4 23. Rf2 Bd3 24. Qc5 a6 25. fxe4 Qe8 26. Qc1 1/2-1/2

[Event "East Detroit (MCO/6)"]
[Site "?"]
[Date "1983.??.??"]
[Round "?"]
[White "Brattin, Brian"]
[Black "Tallosy, M.."]
[Result "0-1"]
[WhiteElo "1605"]
[BlackElo "1740"]
[PlyCount "76"]
[EventDate "1983.??.??"]

1. b3 b6 2. Bb2 Bb7 3. f3 e6 4. e4 d5 5. e5 c5 6. d4 Nc6 7. Bb5 a6 8. Bxc6+
Bxc6 9. Ne2 Ne7 10. f4 Nf5 11. Qd3 b5 12. O-O cxd4 13. Nxd4 Bc5 14. Kh1 Nxd4
15. Bxd4 Qb6 16. c3 O-O 17. Nd2 Rfd8 18. b4 Bxd4 19. Qxd4 Qb7 20. Nb3 Rac8 21.
Nc5 Qb6 22. g4 Rb8 23. h4 a5 24. a3 Qc7 25. Rg1 axb4 26. axb4 Ra8 27. Raf1 Ra3
28. f5 exf5 29. gxf5 Rxc3 30. Rxg7+ Kxg7 31. e6+ f6 32. Rg1+ Rg3 33. Rxg3+ Qxg3
34. e7 Rd6 35. Ne6+ Rxe6 36. fxe6 h5 37. e8=Q Bxe8 38. e7 Qh3+ 0-1

[Event "East Detroit (MCO/4)"]
[Site "?"]
[Date "1983.??.??"]
[Round "?"]
[White "Brattin, Brian"]
[Black "Cevallos, G.."]
[Result "1/2-1/2"]
[WhiteElo "1605"]
[BlackElo "1625"]
[PlyCount "53"]
[EventDate "1983.??.??"]

1. b3 e5 2. Bb2 Nc6 3. e3 d5 4. Nf3 Bd6 5. c4 Nf6 6. Nc3 d4 7. exd4 Nxd4 8. Bd3
Bg4 9. Be2 Nxe2 10. Qxe2 O-O 11. Ne4 Re8 12. h3 Nxe4 13. Qxe4 Bxf3 14. Qxf3 c6
15. O-O Qg5 16. Rad1 Rad8 17. d4 exd4 18. Bxd4 Bc5 19. Bb2 Rxd1 20. Rxd1 Rd8
21. Qg4 Rxd1+ 22. Qxd1 h6 23. Qd7 Qe7 24. Qc8+ Kh7 25. Qf5+ Kg8 26. Qc8+ Kh7
27. Qf5+ 1/2-1/2

[Event "Ann Arbor (MI Op/6)"]
[Site "?"]
[Date "1983.??.??"]
[Round "?"]
[White "Braak, Dairen"]
[Black "Unsino, S.."]
[Result "1-0"]
[WhiteElo "1840"]
[BlackElo "1605"]
[PlyCount "121"]
[EventDate "1983.??.??"]

1. e4 e5 2. Nf3 Nc6 3. Bb5 a6 4. Ba4 Nf6 5. O-O Be7 6. Re1 b5 7. Bb3 d6 8. c3
O-O 9. h3 Nb8 10. d4 Nbd7 11. Nbd2 Bb7 12. Bc2 Re8 13. Nf1 c5 14. d5 c4 15. Ng3
Bf8 16. Bg5 h6 17. Be3 Nb6 18. Nh2 g5 19. Ng4 Nxg4 20. Qxg4 Bc8 21. Qh5 Nd7 22.
Nf5 Qf6 23. h4 Qg6 24. Qf3 g4 25. Qe2 Nf6 26. Ng3 h5 27. a4 Bd7 28. axb5 axb5
29. b3 cxb3 30. Bd3 Bh6 31. Bxh6 Qxh6 32. Nf1 Rec8 33. Qb2 Qf8 34. Qxb3 Rxa1
35. Rxa1 Ra8 36. Rb1 Qc8 37. g3 Ra7 38. Rc1 Rc7 39. Nd2 Kg7 40. Nb1 Qa8 41. Rc2
Ra7 42. Qb4 Ne8 43. Rb2 Kf8 44. Bxb5 Rb7 45. Na3 Ke7 46. c4 Nc7 47. Qc3 Nxb5
48. Nxb5 Qa1+ 49. Kg2 Bxb5 50. cxb5 Qa4 51. Qe3 Rxb5 52. Rxb5 Qxb5 53. Qg5+ Kf8
54. Qxh5 Qe2 55. Qf5 Kg7 56. h5 Qf3+ 57. Qxf3 gxf3+ 58. Kxf3 Kh6 59. Kg4 f6 60.
Kf5 Kxh5 61. f3 1-0

[Event "Ann Arbor (MI Op/1)"]
[Site "?"]
[Date "1983.??.??"]
[Round "?"]
[White "Braak, Dairen"]
[Black "Ivanov, S.."]
[Result "0-1"]
[WhiteElo "1840"]
[BlackElo "2050"]
[PlyCount "56"]
[EventDate "1983.??.??"]

1. e4 e5 2. Nf3 Nc6 3. Bb5 a6 4. Ba4 Nf6 5. O-O Be7 6. Qe2 d6 7. c3 O-O 8. h3
b5 9. Bb3 Bb7 10. d3 Na5 11. Bg5 Nxb3 12. axb3 Nd7 13. Bxe7 Qxe7 14. Nh2 f5 15.
exf5 Rxf5 16. Ng4 Raf8 17. Nd2 Nc5 18. f3 Ne6 19. Qf2 Nf4 20. Qe3 h5 21. Nf2
Qg5 22. Ng4 hxg4 23. fxg4 Bxg2 24. Ne4 Nxh3+ 25. Kxg2 Qxg4+ 26. Ng3 Nf4+ 27.
Kg1 Qh3 28. Rf2 Rg5 0-1

[Event "Ann Arbor (MI Op/4)"]
[Site "?"]
[Date "1983.??.??"]
[Round "?"]
[White "Braak, Dairen"]
[Black "Arganian, David G"]
[Result "0-1"]
[WhiteElo "1840"]
[BlackElo "2095"]
[PlyCount "127"]
[EventDate "1983.??.??"]

1. e4 e6 2. d4 d5 3. Nd2 Nf6 4. e5 Ne4 5. Ngf3 c5 6. Bb5+ Bd7 7. Qe2 Nxd2 8.
Bxd2 Bxb5 9. Qxb5+ Qd7 10. Qxd7+ Kxd7 11. Be3 b6 12. c3 Be7 13. O-O Nc6 14.
Rac1 Rac8 15. Rfd1 cxd4 16. cxd4 Na5 17. Bd2 Nc4 18. Bc3 b5 19. b3 Nb6 20. Bd2
Na8 21. Rxc8 Rxc8 22. Rc1 Rxc1+ 23. Bxc1 b4 24. Ng5 Bxg5 25. Bxg5 Nc7 26. Bd2
a5 27. Bc1 Nb5 28. Bb2 a4 29. bxa4 Nc3 30. Kf1 Nxa2 31. Ke2 Kc6 32. Kd3 b3 33.
Bc3 Kb6 34. Bd2 Ka6 35. f4 h5 36. g3 Kb6 37. h3 Ka6 38. g4 hxg4 39. hxg4 g6 40.
Bc3 b2 41. Bxb2 Ka5 42. Ba3 Kxa4 43. Bc5 Kb3 44. Ke3 Kc4 45. f5 Nb4 46. fxg6
fxg6 47. Bb6 Nc2+ 48. Kf4 Nxd4 49. Kg5 Nf3+ 50. Kf6 d4 51. Kxe6 d3 52. Be3 Nh2
53. g5 Ng4 54. Bc1 Kd4 55. Bb2+ Ke4 56. Bc3 Kf4 57. Bd2+ Ke4 58. Bc3 Kf4 59.
Bd2+ Ke4 60. Bc3 Nxe5 61. Kf6 Kd5 62. Bd2 Nf3 63. Bc1 Nh4 64. Bd2 0-1

[Event "East Detroit (MCO/4)"]
[Site "?"]
[Date "1983.??.??"]
[Round "?"]
[White "Bolter, C.."]
[Black "Williams, N.."]
[Result "0-1"]
[WhiteElo "1605"]
[BlackElo "1670"]
[PlyCount "42"]
[EventDate "1983.??.??"]

1. e4 c5 2. c4 e6 3. Nf3 g6 4. d4 cxd4 5. Nxd4 Bg7 6. Be3 Nf6 7. Nc3 O-O 8. Be2
d5 9. e5 Ne4 10. f4 Nc6 11. Ndb5 Nxc3 12. bxc3 Qa5 13. O-O dxc4 14. Bxc4 a6 15.
Bc5 Rd8 16. Qxd8+ Nxd8 17. Bb4 Qb6+ 18. Nd4 Nc6 19. Rab1 Nxd4 20. cxd4 Qxd4+
21. Kh1 Qxc4 0-1

[Event "East Detroit (MCO/5)"]
[Site "?"]
[Date "1983.??.??"]
[Round "?"]
[White "Bolter, C.."]
[Black "Cowan, W.."]
[Result "0-1"]
[WhiteElo "1605"]
[BlackElo "1605"]
[PlyCount "60"]
[EventDate "1983.??.??"]

1. e4 c5 2. g3 Nc6 3. Bg2 d6 4. c4 g6 5. Nf3 Bg7 6. Nc3 e6 7. O-O Nf6 8. Re1
O-O 9. d4 cxd4 10. Nxd4 Nxd4 11. Qxd4 Ne8 12. Qd1 Rb8 13. e5 b6 14. Nb5 Qd7 15.
Bf4 Bb7 16. Bf1 Bc6 17. a4 d5 18. Nd4 Bb7 19. a5 bxa5 20. Rxa5 Ba8 21. b3 dxc4
22. bxc4 Qb7 23. f3 Rd8 24. Rb5 Qd7 25. Be3 Nc7 26. Ra5 f6 27. f4 fxe5 28. fxe5
Rf7 29. Rxa7 Bxe5 30. Bh3 Bxd4 0-1

[Event "East Detroit (MCO/5)"]
[Site "?"]
[Date "1983.??.??"]
[Round "?"]
[White "Bolda, Dan G"]
[Black "Williams, Ron"]
[Result "1-0"]
[WhiteElo "1820"]
[BlackElo "1605"]
[PlyCount "111"]
[EventDate "1983.??.??"]

1. c4 e5 2. Nc3 Nc6 3. g3 Bc5 4. Bg2 Nge7 5. a3 a6 6. Nf3 d6 7. O-O f6 8. b4
Ba7 9. Rb1 Rb8 10. b5 Nd4 11. e3 Nxf3+ 12. Bxf3 O-O 13. a4 c6 14. c5 dxc5 15.
bxa6 Bh3 16. Re1 bxa6 17. Ba3 Rxb1 18. Qxb1 Be6 19. Qc2 Qa5 20. Rc1 Rd8 21. Nb1
Bd5 22. Be2 Rd7 23. e4 Be6 24. Bc4 Bxc4 25. Qxc4+ Kf8 26. Bxc5 Bxc5 27. Qxc5
Qxa4 28. Nc3 Qd4 29. Qxd4 Rxd4 30. Rc2 Ke8 31. f3 Kd7 32. Kf2 Kc7 33. Ke2 a5
34. Nb5+ Kb6 35. Nxd4 exd4 36. Kd3 c5 37. Rb2+ Kc6 38. Kc4 Nc8 39. Rb8 Kc7 40.
Rxc8+ Kxc8 41. Kxc5 d3 42. Kc4 Kc7 43. Kxd3 Kc6 44. Kc4 a4 45. d4 h5 46. f4 Kd6
47. Kb4 Kc6 48. Kxa4 Kb6 49. e5 Kc6 50. e6 Kd6 51. d5 Kc7 52. e7 Kd7 53. d6 g6
54. Kb5 g5 55. fxg5 fxg5 56. Kc5 1-0